000
00305nam a22001457a 4500
008
221028b ||||| |||| 00| 0 eng d
020
_a
763889
041
_a
eng
080
_a
579
082
_a
579
100
_a
13.2
101
_a
MICROBIO
245
_a
MICROBIOLOGY
_c
SLONCZEWSKI J
942
_2
udc
_c
BK
999
_c
58686
_d
58686